Making German Children Swallow the Colonial Project : Der kleine Coco Magazine from 1909 to 1933 (notice n° 1922655)
[ vue normale ]
| 000 -LEADER | |
|---|---|
| fixed length control field | 01453cam a2200157 4500500 |
| 005 - DATE AND TIME OF LATEST TRANSACTION | |
| control field | 20260329022810.0 |
| 041 ## - LANGUAGE CODE | |
| Language code of text/sound track or separate title | fre |
| 042 ## - AUTHENTICATION CODE | |
| Authentication code | dc |
| 100 10 - MAIN ENTRY--PERSONAL NAME | |
| Personal name | Kayser-Bril, Nicolas |
| Relator term | author |
| 245 00 - TITLE STATEMENT | |
| Title | Making German Children Swallow the Colonial Project : Der kleine Coco Magazine from 1909 to 1933 |
| 260 ## - PUBLICATION, DISTRIBUTION, ETC. | |
| Date of publication, distribution, etc. | 2026.<br/> |
| 500 ## - GENERAL NOTE | |
| General note | 4 |
| 520 ## - SUMMARY, ETC. | |
| Summary, etc. | In 1909, Dutch margarine manufacturer Jurgens & Prinzen became the first company to offer a free magazine for German children. Published every couple of months, Der kleine Coco accompanied every purchased cube of margarine, with millions of copies distributed across Germany between 1909 and 1933. This article provides a critical analysis of the publication, showing that its content, at least for the period 1909-1914, unequivocally supports the German colonial enterprise while promoting differentiated, gendered, and racialized representations and practices of children’s food education. The magazine portrays racialized subjects as grateful to their colonial rulers, who explain how margarine production in Europe benefits African populations. Read by both boys and girls, and almost certainly by their mothers as well, Der Kleine Coco shows that colonial discourse was by no means confined to adult men. |
| 786 0# - DATA SOURCE ENTRY | |
| Note | Cahiers du Genre | 79 | 2 | 2026-01-20 | p. 73-101 | 1298-6046 |
| 856 41 - ELECTRONIC LOCATION AND ACCESS | |
| Uniform Resource Identifier | <a href="https://shs.cairn.info/journal-cahiers-du-genre-2025-2-page-73?lang=en&redirect-ssocas=7080">https://shs.cairn.info/journal-cahiers-du-genre-2025-2-page-73?lang=en&redirect-ssocas=7080</a> |
Pas d'exemplaire disponible.




Réseaux sociaux